Пять важнейших вопросов о вашей организации (Запись № 1370560)

Подробности
000 -МАРКЕР
контрольное поле 02227nam0a2200421 4500
001 - ИДЕНТИФИКАТОР ЗАПИСИ
контрольное поле RU\NLR\bibl\1433770
005 - ИДЕНТИФИКАТОР ВЕРСИИ
контрольное поле 20260406085241.0
010 ## - МЕЖДУНАРОДНЫЙ СТАНДАРТНЫЙ НОМЕР КНИГИ (ISBN)
Номер (ISBN) 978-5-9916-0081-1
021 ## - НОМЕР ГОСУДАРСТВЕННОЙ РЕГИСТРАЦИИ
Код страны Российская Федерация
Номер 2009-71449
Номер Листа государственной регистраци 4434
035 ## - ДРУГИЕ СИСТЕМНЫЕ НОМЕРА
Идентификатор записи (NLR Aleph) 001425667
035 ## - ДРУГИЕ СИСТЕМНЫЕ НОМЕРА
Идентификатор записи (nilc)RSL-KNO-004380230
100 ## - ДАННЫЕ ОБЩЕЙ ОБРАБОТКИ
Данные общей обработки 20090827d2009 u y0rusy50 ca
101 1# - ЯЗЫК РЕСУРСА
Язык текста, звукозаписи и т.д. русский
Язык оригинала английский
102 ## - СТРАНА ПУБЛИКАЦИИ ИЛИ ПРОИЗВОДСТВА
Страна публикации Российская Федерация
105 ## - ПОЛЕ КОДИРОВАННЫХ ДАННЫХ: ТЕКСТОВЫЕ МАТЕРИАЛЫ, МОНОГРАФИЧЕСКИЕ
Кодированные данные о монографическом текстовом документе a |||||||||
200 1# - ЗАГЛАВИЕ И СВЕДЕНИЯ ОБ ОТВЕТСТВЕННОСТИ
Основное заглавие Пять важнейших вопросов о вашей организации
Первые сведения об ответственности Питер Ф. Друкер, а также Джим Коллинз, Филип Котлер [и др.]
Последующие сведения об ответственности [пер. О. П. Бурмакова]
-- Ин-т "От лидера к лидеру"
210 ## - ПУБЛИКАЦИЯ, РАСПРОСТРАНЕНИЕ И ДР.
Место издания, распространения и т.д. Москва
Имя издателя, распространителя и т. д. Юрайт
Дата издания, распространения и т.д. 2009
215 ## - ФИЗИЧЕСКАЯ ХАРАКТЕРИСТИКА
Специфическое обозначение материала и объем 121 с.
Другие сведения о физической характеристике ил.
Размеры 21
225 1# - СЕРИЯ
Основное заглавие серии Источник вдохновения для организаций и людей, которые их возглавляют
300 ## - ОБЩИЕ ПРИМЕЧАНИЯ
Текст примечания Загл. и авт. ориг.: The five most important questions you will ever ask about your organization/Peter F. Drucker with Jim Collins, Philip Kotler [et al.]
320 ## - ПРИМЕЧАНИЯ О НАЛИЧИИ В ДОКУМЕНТЕ БИБЛИОГРАФИИ / УКАЗАТЕЛЯ
Текст примечания Библиогр.: с. 115-121 и в примеч.
454 #0 - ОРИГИНАЛ (ПЕРЕВОДА)
Встроенное поле 2001#$aThe five most important questions you will ever ask about your organization$fPeter F. Drucker with Jim Collins, Philip Kotler [et al.]
-- 701#1$aDrucker$bP. F.$gPeter F.$4070
Заглавие The five most important questions you will ever ask about your organization
600 #1 - ИМЯ ЛИЦА КАК ПРЕДМЕТ
Начальный элемент ввода Друкер
Часть имени, кроме начального элемента ввода П.Ф.
Даты 1909 - 2005
Расширение инициалов личного имени Питер Фердинанд
Системный номер авторитетной/нормативной записи 1031963
Идентификатор авторитетной/нормативной записи RU\NLR\auth\66396019
606 1# - НАИМЕНОВАНИЕ ТЕМЫ КАК ПРЕДМЕТ
Наименование темы Организации
Тематический подзаголовок Экономика
Системный номер авторитетной/нормативной записи 2277090
Идентификатор авторитетной/нормативной записи RU\NLR\auth\661364513
686 ## - ИНДЕКСЫ ДРУГИХ КЛАССИФИКАЦИЙ
Индекс С555.371,0
Код системы
686 ## - ИНДЕКСЫ ДРУГИХ КЛАССИФИКАЦИЙ
Индекс У21(0)2д
686 ## - ИНДЕКСЫ ДРУГИХ КЛАССИФИКАЦИЙ
Индекс У29(0)
701 #1 - ИМЯ ЛИЦА - АЛЬТЕРНАТИВНАЯ ОТВЕТСТВЕННОСТЬ
Код отношения Автор
Материалы, к которым относится поле rus
Графика поля Кириллица
Начальный элемент ввода Друкер
Часть имени, кроме начального элемента ввода П. Ф.
Даты 1909-2005
Расширение инициалов личного имени Питер Фердинанд
Идентификатор авторитетной/нормативной записи RU\NLR\AUTH\7759520
Системный номер авторитетной/нормативной записи 42451
701 #1 - ИМЯ ЛИЦА - АЛЬТЕРНАТИВНАЯ ОТВЕТСТВЕННОСТЬ
Код отношения Автор
Материалы, к которым относится поле rus
Графика поля Кириллица
Начальный элемент ввода Коллинз
Часть имени, кроме начального элемента ввода Д.
Даты 1958-
Расширение инициалов личного имени Джим
Идентификатор авторитетной/нормативной записи RU\NLR\AUTH\7762814
Системный номер авторитетной/нормативной записи 45744
701 #1 - ИМЯ ЛИЦА - АЛЬТЕРНАТИВНАЯ ОТВЕТСТВЕННОСТЬ
Код отношения Автор
Материалы, к которым относится поле rus
Графика поля Кириллица
Начальный элемент ввода Котлер
Часть имени, кроме начального элемента ввода Ф.
Расширение инициалов личного имени Филип
Идентификатор авторитетной/нормативной записи RU\NLR\auth\7754260
Системный номер авторитетной/нормативной записи 37192
801 #0 - ИСТОЧНИК ЗАПИСИ
Страна Российская Федерация
Организация РКП
Дата составления 20090827
801 #1 - ИСТОЧНИК ЗАПИСИ
Страна Российская Федерация
Организация РГБ
Дата составления 20090827
801 #2 - ИСТОЧНИК ЗАПИСИ
Страна Российская Федерация
Организация NLR
Дата составления 20091105
Правила каталогизации rcr
942 ## - ДОПОЛНИТЕЛЬНЫЕ ЭЛЕМЕНТЫ ЗАПИСИ (АБИС)
Тип экземпляра АБИС Книга
980 ## - КОЛЛЕКЦИЯ
Название коллекции Национальная библиография
Экземпляры
Тип экземпляра Дата поступления Источник поступления Библиотека постоянного хранения Библиотека текущего хранения Место хранения Шифр хранения Штрих-код Статус экземпляра
Книга 05.11.2009 Обязательный экземпляр РНБ (Московский) РНБ (Московский) Русский книжный фонд: издания с 1957 года 2009-3/35222 1-826041  
Книга 05.11.2009 Обязательный экземпляр РНБ (Московский) РНБ (Московский) Русский книжный фонд: издания с 1957 года 2009-3/35222 3030983